Planeamiento y control de producción (Registro nro. 2652)
[ vista simple ]
| 000 -LEADER | |
|---|---|
| fixed length control field | 01538 a2200205 4500 |
| 001 - CONTROL NUMBER | |
| control field | 36442 |
| 005 - DATE AND TIME OF LATEST TRANSACTION | |
| control field | 20260407155639.0 |
| 008 - FIXED-LENGTH DATA ELEMENTS--GENERAL INFORMATION | |
| fixed length control field | 260407a arg spa d |
| 003 - CONTROL NUMBER IDENTIFIER | |
| control field | AR-UNSa-BCEJYS |
| 040 ## - CATALOGING SOURCE | |
| Original cataloging agency | AR-UNSa-BCEJYS |
| Language of cataloging | spa |
| Transcribing agency | AR-UNSa-BCEJYS |
| 080 ## - UNIVERSAL DECIMAL CLASSIFICATION NUMBER | |
| Universal Decimal Classification number | 658.5 |
| Common auxiliary subdivision | Planificación y control de la producción<br/> |
| 100 1# - MAIN ENTRY--PERSONAL NAME | |
| Personal name | Muth, John F. |
| 245 10 - TITLE STATEMENT | |
| Title | Planeamiento y control de producción |
| Name of part/section of a work | la gerencia operativa |
| 264 #1 - PRODUCTION, PUBLICATION, DISTRIBUTION, MANUFACTURE, AND COPYRIGHT NOTICE | |
| Place of production, publication, distribution, manufacture | Buenos Aires : |
| Name of producer, publisher, distributor, manufacturer | El Ateneo |
| 300 ## - PHYSICAL DESCRIPTION | |
| Extent | 355 p. |
| Dimensions | 20 cm. |
| 505 ## - FORMATTED CONTENTS NOTE | |
| Formatted contents note | 1. Teoría del control - 2. La cooperación hombre-maquina en los problemas de planeamiento y control - 3. Sumario del suavizamiento exponencial - 4. Matemáticas para la programación de la producción - 5. Estudio de una fabrica textil con la ayuda de una programación lineal - 6. Revisión de la programación de talleres - 7. Simulación de un taller simplificado - 8. El control de la producción en los pequeños talleres - 9. El estudio de la teoría del inventario - 10. La combinación de diferentes técnicas de investigación en el análisis del sistema logísticos - 11. Asignación de recursos en modelos de redes de proyectos - 12. La función de progreso de la fabricación - 13. Problemas humanos con los presupuestos - 14. Algunos determinantes motivacionales del rendimiento en la tarea - 15. El estilo de supervisión y la productividad, reseña y teoría - 16. El papel de la compensación financiera en la motivación. |
| 590 ## - LOCAL NOTE (RLIN) | |
| Local note | niveau_biblio:m niveau_hierar:0 |
| 700 1# - ADDED ENTRY--PERSONAL NAME | |
| Personal name | Groff, Gene K. |
| 942 ## - ADDED ENTRY ELEMENTS (KOHA) | |
| Koha item type | |
| Withdrawn status | Lost status | Damaged status | Not for loan | Home library | Current library | Shelving location | Date acquired | Total checkouts | Full call number | Barcode | Date last seen | Price effective from | Koha item type |
|---|---|---|---|---|---|---|---|---|---|---|---|---|---|
| Biblioteca Prof. Eusebio Cleto del Rey | Biblioteca Prof. Eusebio Cleto del Rey | 07/04/2026 | 658.5 G873 v.3 | L44364 | 07/04/2026 | 07/04/2026 | Libro | ||||||
| Biblioteca Prof. Eusebio Cleto del Rey | Biblioteca Prof. Eusebio Cleto del Rey | 07/04/2026 | 658.5 G873 v.3 | L44363 | 07/04/2026 | 07/04/2026 | Libro | ||||||
| Biblioteca Prof. Eusebio Cleto del Rey | Biblioteca Prof. Eusebio Cleto del Rey | 07/04/2026 | 658.5 G873 v.3 | L44362 | 07/04/2026 | 07/04/2026 | Libro |